000 00839nam a22002777a 4500
003 MOSTI LIBRARY
005 20260513153503.0
008 260513b |||||||| |||| 00| 0 eng d
020 _a9781633692688
040 _cMOSTI LIBRARY
090 0 0 _a658.4 :
_bGUP
100 1 0 _aGupta, Sunil
245 1 0 _aDriving Digital Strategy :
_bA Guide to Reimagining Your Business,
_cSunil Gupta
264 _aBoston, Massachusetts :
_bHarvard Business Review Press,
_c2018
300 _a267pages ;
_c24cm
336 _0rdacontent
337 _2rdacarrier
338 _0rdacarrier
650 1 0 _aStrategic planning.
650 2 0 _aBusiness planning.
650 2 0 _aTechnological innovations.
650 2 0 _aInformation technology
_x Management.
650 2 0 _aDigital transformation
_xBusiness.
942 _2ddc
_cBK
_n0
949 _0019221
999 _c30866
_d30866